Score 0/42 Timer 06:00
0 Plays Today
Word % Correct
SLAM
98%
SLIP
97.8%
SLAP
97.8%
FLIP
96.1%
FLOP
95.1%
LIME
92.2%
DEAD
91.2%
DEAF
90.7%
DIAL
89%
TOGA
88.1%
LOGO
87.4%
TOGO
83.4%
SIAM
83%
TEED
82.7%
SKID
82.7%
SAID
82.3%
LEAF
81.3%
WOOF
80.7%
DEED
80.1%
DEED
80.1%
EMIT
77.7%
Word % Correct
TIME
77.7%
SKIN
76.2%
TOED
76%
SIAL
74.1%
WOOD
73.7%
LOME
71.6%
WOLF
71.6%
FLOW
71.6%
AKIN
69.8%
LOAF
69.5%
LOAD
69.4%
LOGE
69%
TOEA
68.5%
DUAL
65.9%
LAUD
65.9%
SAUD
64%
AMIN
63.7%
WORD
55.6%
AMIR
55.2%
EMIR
53.6%
LORD
52.1%

Today's Daily Dose

Missing Word
'T' Pairs

Word Ladder
Game Pieces

Get the Picture
Baseball Movies

Remove Ads.
Support Sporcle.
Get the best of Sporcle when you Go Orange. This ad-free experience offers more features, more stats, and more fun while also helping to support Sporcle. Thank you for becoming a member.

You're not logged in!

Compare scores with friends on all Sporcle quizzes.
OR
Log In

Show Comments

Extras

Top Quizzes Today


Score Distribution

Your Account Isn't Verified!

In order to create a playlist on Sporcle, you need to verify the email address you used during registration. Go to your Sporcle Settings to finish the process.

Report this User

Report this user for behavior that violates our Community Guidelines.

Details: